000 01648nam a2200265 a 4500
001 MEB027984 MEB027985 MEB027993
003 PILC
005 20150805094728.0
008
020 _a9789812729996
050 _aRT 98
_b.F211 2013
100 _aFamorca, Zenaida U.
245 0 _aNursing care of the community /
_cZenaida U. Famorca, Mary A. Nies, Melanie McEwen.
260 _aSingapore :
_bElsevier (Singapore) Pte Ltd.,
_c2013.
300 _axvi, 444 pages :
_billustrations ;
_c25 cm.
500 _aIncludes index.
505 _aCh. 1:
_tFundamental concepts of community health nursing -- Ch. 2:
_tTheoretical foundations of community health nursing practice -- Ch. 3:
_tPrimary health care -- Ch. 4:
_tCommunity organizing: ensuring health in the hands of the people -- Ch. 5:
_tHealth promotion, risk reduction, and capacity-building strategies -- Ch. 6:
_tFamily health nursing -- Ch. 7: The
_tnursing process in the care of the community -- Ch. 8:
_tApplications of epidemiology in community health -- Ch. 9: The
_thealth care delivery system -- Ch. 10:
_tMaternal, newborn, and child health and nutrition -- Ch. 11:
_tControl of noncommunicable diseases -- Ch. 12:
_tControl of communicable diseases -- Ch. 13:
_tEnvironmental health -- Ch. 14:
_tDisaster management -- Ch. 15:
_teHealth in the community setting -- Ch. 16:
_tSchool health -- Ch. 17:
_tOccupational safety and health.
521 _aNursing
650 _aPublic health.
650 _aCommunity health services.
650 _aCommunity health nursing.
700 _aMcEwen, Melanie.
700 _aNies, Mary A.
942 _2lcc
_cBK
_kFOR
999 _c283634
_d283634